| 000 | 00455 a2200169 4500 | ||
|---|---|---|---|
| 001 | 83953 | ||
| 020 | _a9780071072540 | ||
| 082 | _a621.4021/CEN | ||
| 090 |
_c40043 _d40042 |
||
| 100 | _aCengel, Yunus A; michael a boles | ||
| 245 | _aThermodynamics; An Engineering Approach (SI Units) 7th Ed | ||
| 250 | _a7th Ed | ||
| 260 |
_aNew Delhi _bTata McGraw Hill _c2011 |
||
| 300 | _axxv, 980P. | ||
| 500 | _aCAE Reference Books | ||
| 505 | _aAHQ Books | ||
| 942 |
_aCAENUST _k621.4021 CEN |
||
| 999 |
_c319026 _d319026 |
||